Dynamika dopravných stavieb

Gespeichert in:
Bibliographische Detailangaben
Hauptverfasser: Melcer, Jozef (Verfasst von), Lajčáková, Gabriela (Verfasst von), Martinická, Ivana (Verfasst von), Králik, Juraj, 1952- (Verfasst von)
Weitere Verfasser: Kormaníková, Eva (Rezension), Tesár, Alexander (Rezension)
Format: Buch
Sprache:Slowakisch
Veröffentlicht: Žilina : EDIS, 2016
Ausgabe:1. vyd.
Tags: Tag hinzufügen
Keine Tags, Fügen Sie das erste Tag hinzu!

MARC

LEADER 00000nam a22000003a 4500
001 0013702
003 SK-STU
005 20160419115502.7
007 ta
008 160406s -------||||||||||-|||-||----d
020 |a 978-80-554-1178-1 
041 0 |a slo 
044 |a xo 
100 1 |4 aut  |a Melcer, Jozef 
242 0 0 |a Dynamics of Transport Structures  |y eng 
245 1 0 |a Dynamika dopravných stavieb 
250 |a 1. vyd. 
260 |a Žilina :  |b EDIS,  |c 2016 
300 |a 374 s. 
700 1 |4 aut  |a Lajčáková, Gabriela 
700 1 |4 aut  |a Martinická, Ivana 
700 1 |4 aut  |a Králik, Juraj,  |d 1952-  |u 010250  |r Z1  |U SvF Stavebná fakulta  |T SvF Katedra stavebnej mechaniky  |X 850  |U V250  |Y 26  |7 A000000850 
700 1 |4 rev  |a Kormaníková, Eva 
700 1 |4 rev  |a Tesár, Alexander 
996 |b 284V037882  |c V* 53431/O-24591  |l VVT  |s A  |a 24  |w 0013702_0001